000 00417nam a2200169Ia 4500
008 180921t1977 xxu||||| |||| 00| 0 eng d
041 _aeng
080 _a54
_bDRA
100 _aDrago, Russell
245 _aPrinciples of chemistry
260 _bAllyn and Bacoo
_aBoston
_c1977
300 _a848p., ill., 25 cm
650 _aChemistry
942 _cBK
999 _c17645
_d17645
003 LK-CoDNM
040 _aLK-CoDNM
_dLK-CoDNM
_eLK-CoDNM